Loading...
| Science - Other | 2 | 5 | 0 | 1 | 80 | 38 | 88.43 | 2 | 2 | 0.00 | 0.00 |
| Social Science | 0 | 5 | 3 | 0 | 35 | 66 | 97.80 | 0 | 4 | 0.00 | 0.00 |
| Fine Arts - Other Arts | 0 | 3 | 0 | 1 | 30 | 111 | 127.00 | 0 | 0 | 0.00 | 0.00 |
| Science - Physics | 0 | 3 | 1 | 0 | 25 | 85 | 96.00 | 2 | 2 | 0.00 | 0.00 |
| History - American | 0 | 2 | 0 | 1 | 20 | 130 | 131.00 | 0 | 0 | 0.00 | 0.00 |
| Philosophy | 0 | 2 | 0 | 1 | 20 | 101 | 120.50 | 0 | 1 | 0.00 | 0.00 |
| Geography | 0 | 2 | 0 | 0 | 20 | 104 | 121.50 | 0 | 2 | 0.00 | 0.00 |
| Modern World | 0 | 2 | 1 | 0 | 15 | 110 | 113.00 | 0 | 1 | 0.00 | 0.00 |
| History - Other | 0 | 1 | 0 | 0 | 10 | 113 | 113.00 | 0 | 0 | 0.00 | 0.00 |
| Other Academic | 0 | 1 | 0 | 0 | 10 | 112 | 112.00 | 0 | 1 | 0.00 | 0.00 |
| History - European | 0 | 1 | 0 | 0 | 10 | 101 | 101.00 | 0 | 1 | 0.00 | 0.00 |
| Science - Chemistry | 0 | 0 | 0 | 0 | 0 | 0.00 | 0 | 0 | 0.00 | 0.00 | |
| Fine Arts - Classical Music and Opera | 0 | 0 | 0 | 0 | 0 | 0.00 | 0 | 0 | 0.00 | 0.00 | |
| History - World | 0 | 0 | 0 | 0 | 0 | 0.00 | 0 | 0 | 0.00 | 0.00 | |
| History - Ancient | 0 | 0 | 0 | 0 | 0 | 0.00 | 0 | 0 | 0.00 | 0.00 | |
| Beliefs | 0 | 0 | 1 | 0 | -5 | 0.00 | 0 | 0 | 0.00 | 0.00 | |
| Science - Biology | 0 | 0 | 1 | 0 | -5 | 0.00 | 0 | 0 | 0.00 | 0.00 | |
| Visual Arts | 0 | 0 | 2 | 0 | -10 | 0.00 | 0 | 0 | 0.00 | 0.00 |